000
00273nam a22001337a 4500
008
170926b xxu||||| |||| 00| 0 eng d
020
_a
9781256148395
041
_a
eng
080
_a
37
100
_a
46
101
_a
edu
245
_a
IARRIBA
_c
ZAYAS.E
942
_2
udc
_c
BK
999
_c
29946
_d
29946